| 000 | 00000nam##2200000za#4500 |
| 001 | 9.685802 |
| 003 | CaOODSP |
| 005 | 20210624230241 |
| 007 | cr ||||||||||| |
| 008 | 150407|2000||||xxc|||||o f|0| 0 eng|d |
| 020 | |a0-662-29303-7 |
| 040 | |aCaOODSP|beng |
| 043 | |an-cn--- |
| 086 | 1 |aH34-110/2000E-IN |
| 110 | 1 |aCanada. |bHealth Canada. |
| 245 | 10|aHealth Canada's gender-based analysis policy |h[electronic resource] |
| 260 | |aOttawa - Ontario : |bHealth Canada |c2000. |
| 300 | |a24p. |
| 500 | |a"This publication can also be made available in/on computer diskette/large print/audio cassette/braille upon request." -- Page 4. |
| 504 | |aBibliography. |
| 590 | |a06-10-Supp|b2006-12-15 |
| 690 | 07|aGender equality|2gcpds |
| 690 | 07|aGovernment policy|2gcpds |
| 690 | 07|aSocial policy|2gcpds |
| 775 | 08|tLa politique de Santé Canada en matière d'analyse comparative entre les sexes |w(CaOODSP)9.630387 |
| 856 | 40|ahttp://publications.gc.ca|qPDF|s223 KB|uhttps://publications.gc.ca/collections/Collection/H34-110-2000E.pdf |